LEADER 01511nam a2200289 u 4500 001 000000061885 003 CaOOAMICUS 005 20070226121055.0 008 010914s1997 pl u000 u pol u 020 $a8370720935 035 $a10902853 040 $aPUL(R)$bita 041 0 $apol$aeng 245 00$aCo daje wspó?czesnemu cz?owiekowi studium filozofii klasycznej :$bMateria?y z miedzynarodowego sympozjum filozoficznego zorganizowanego w Katedrze Metafisyki Akademii Teologii Katolichiej, Warszawa, 15.04.1997 /$credakcjia Pawe?, Miros?aw Mylik. 260 $aWarszawa :$bAkademii Teologii Katolickiej,$c1997. 300 $a167 p. ;$c20 cm 500 $aContributo di vari autori. 504 $aNote bibliografiche. 650 4$aFilosofia morale.$0(OLS)http://pul/subject/560 700 1 $aMylik, Miros?aw.$0(OLS)http://pul/name/42223 700 1 $aMazanka, Pawe?.$0(OLS)http://pul/name/42222 850 $aPUL 852 $aPUL$W1$xCollocazioni Temporanee$y24$mGP2.861$j80560$nBK-PRI$b $qStampati$B80560$CPULBib$Z2$F80560 $H $81 941 1 $a8 996 $6020$a8370720935$9(OLS)http://pul/number/80188 996 $6245$aCo daje wspó?czesnemu cz?owiekowi studium filozofii klasycznej :$bMateria?y z miedzynarodowego sympozjum filozoficznego zorganizowanego w Katedrze Metafisyki Akademii Teologii Katolichiej, Warszawa, 15.04.1997$9(OLS)http://pul/title/82594 996 $6260$aWarszawa :$bAkademii Teologii Katolickiej$9(OLS)http://pul/publisher/70214 LEADER 01230nam a2200265 a 4500 001 000000163772 003 CaOOAMICUS 005 20171026152257.0 008 171026s1988 it m u000 udeng r 032 $aLibriCat 040 $aPUL$bita 100 1 $aThuruthiyil, Scaria.$0(OLS)http://pul/name/34821 245 00$aFascination and limits of an utopia Jiddu Krishnamurti's approach to liberation / $cScaria Thuruthiyil . 260 $aRoma :$b[s.n.],$c1988. 300 $a64 p. ;$c24 cm. 502 $aEstratto di Tesi. Universitą Pontifica Salesiana. Facoltą di Filosofia.1988. 504 $aBibliografia in nota a pič pagina. 600 14$aKrishnamurti, J. (Jiddu),$d1895-1986.$0(OLS)http://pul/subject/20227 710 2 $aPontificia Universitą Salesiana.$bFacoltą di filosofia.$kTesi.$0(OLS)http://pul/name/105164 850 $aPUL 852 $aPUL$W1$xDP1 Tesi Pon. Univ. Salesiana$y46$mTH SAL 236$j187910$qTesi$B191024$CPULBib$Z2$F191024 $H62956 $82 941 1 $a16 996 $6245$aFascination and limits of an utopia Jiddu Krishnamurti's approach to liberation / $9(OLS)http://pul/title/203477 996 $6260$aRoma :$b[s.n.]$9(OLS)http://pul/publisher/47958